Psicología médica / (Record no. 126913)

MARC details
000 -LEADER
campo de control de longitud fija 00473nam a2200169 4500
001 - NÚMERO DE CONTROL
campo de control 126913
003 - IDENTIFICADOR DE NÚMERO DE CONTROL
campo de control ES-MaACL
005 - FECHA Y HORA DE LA ÚLTIMA TRANSACCIÓN
campo de control 20230906192913.0
007 - CAMPO FIJO DE DESCRIPCIÓN FÍSICA--INFORMACIÓN GENERAL
campo de control de longitud fija t|
008 - DATOS DE LONGITUD FIJA--INFORMACIÓN GENERAL
campo de control de longitud fija 070214s1970 sp r ||||1| spa d
100 1# - ENTRADA PRINCIPAL--NOMBRE DE PERSONA
Nombre de persona Rey Ardid, Ramón.
9 (RLIN) 96517
245 10 - MENCIÓN DEL TÍTULO
Título Psicología médica /
Mención de responsabilidad, etc. Ramón Rey Ardid.
260 ## - PUBLICACIÓN, DISTRIBUCIÓN, ETC.
Lugar de publicación, distribución, etc. Zaragoza :
Nombre del editor, distribuidor, etc. [s.n.],
Fecha de publicación, distribución, etc. 1970 (
Fabricante Imp. Heraldo de Aragón)
300 ## - DESCRIPCIÓN FÍSICA
Extensión 1 v. ;
Dimensiones 25 cm.
500 ## - NOTA GENERAL
Nota general Es el tomo 1ª.
852 ## - LOCALIZACIÓN
Ubicación ES-MaACL
Número de control de estantería P-1530
Sublocalización o colección R.74633
Holdings
Estatus retirado Estado de pérdida Estado de daño No para préstamo Biblioteca de origen Biblioteca actual Ubicación en estantería Fecha de adquisición Fuente de adquisición Total de préstamos Signatura topográfica completa Código de barras Visto por última vez Precio de reemplazo Tipo de ítem Koha
        Biblioteca del Ateneo de Madrid Biblioteca del Ateneo de Madrid Depósito 2 17/01/2008     P-1530 1132188 23/02/2023 23/02/2023 Libro impreso